[Event "Mittelfranken Landesliga Nord 2223"]
[Site "Mittelfranken"]
[Date "2023.03.19"]
[Round "8.6"]
[White "Paerr, Manfred"]
[Black "Kordts, Wolfgang"]
[Result "0-1"]
[WhiteElo "2045"]
[BlackElo "2066"]
[PlyCount "78"]
[EventDate "2022.10.09"]
[EventType "team-tourn"]
[EventRounds "9"]
[EventCountry "GER"]
[SourceTitle "EXT 2024"]
[Source "ChessBase"]
[SourceDate "2023.10.10"]
[SourceVersion "1"]
[SourceVersionDate "2023.10.10"]
[SourceQuality "1"]
[WhiteTeam "Kareth Lappersdorf"]
[BlackTeam "Nuernberg Sued SW"]
[WhiteTeamCountry "GER"]
[BlackTeamCountry "GER"]

1. f4 g6 2. Nf3 Bg7 3. e3 d6 4. d4 c5 5. c3 Qc7 6. b3 Nf6 7. Bd3 Nbd7 8. Bb2 e5 9. Nbd2 0-0 10. fxe5 dxe5 11. 0-0 Ng4 12. Re1 Bh6 13. Nf1 f5 14. e4 f4 15. Bc4+ Kh8 16. Bd5 exd4 17. cxd4 Bg7 18. Ng5 Ndf6 19. Ne6 Bxe6 20. Bxe6 h5 21. h3 Nh6 22. Qc2 Qe7 23. d5 Nd7 24. Bxg7+ Qxg7 25. Bxd7 Qxd7 26. Qxc5 f3 27. Re3 Rac8 28. Qd4+ Kh7 29. Nd2 fxg2 30. Kxg2 Qe7 31. Rae1 Qh4 32. R1e2 Nf5 33. Qd3 Qg5+ 34. Rg3 Nxg3 35. Qxg3 Qf6 36. e5 Qf5 37. d6 Qe6 38. Qd3 Rf5 39. Nf3 Rcf8 0-1

[Event "Oberliga Bayern 2122"]
[Site "Bayern"]
[Date "2021.11.14"]
[Round "2.8"]
[White "Kobl, Rudolf"]
[Black "Paerr, Manfred"]
[Result "0-1"]
[WhiteElo "2114"]
[BlackElo "2088"]
[PlyCount "80"]
[EventDate "2021.10.24"]
[EventType "team-tourn"]
[EventRounds "9"]
[EventCountry "GER"]
[SourceTitle "EXT 2023"]
[Source "ChessBase"]
[SourceDate "2022.10.05"]
[SourceVersion "1"]
[SourceVersionDate "2022.10.05"]
[SourceQuality "1"]
[WhiteTeam "Pang/Rosenheim"]
[BlackTeam "Kareth Lappersdorf"]
[WhiteTeamCountry "GER"]
[BlackTeamCountry "GER"]

1. e4 e5 2. Nf3 Nc6 3. Bc4 Nf6 4. d4 exd4 5. 0-0 d6 6. Nxd4 Be7 7. Nxc6 bxc6 8. Nc3 0-0 9. Qe2 Re8 10. Rd1 Ng4 11. Bb3 Bf6 12. h3 Ne5 13. f4 Ng6 14. Qc4 Qd7 15. e5 d5 16. Qd4 Be7 17. Qf2 h5 18. Ba4 Qe6 19. Be3 Nh4 20. Bxa7 Nxg2 21. Bd4 Nh4 22. Rd3 Ba6 23. Rg3 Nf5 24. Rg2 Rab8 25. Bb3 Qh6 26. Kh2 Rb4 27. Ne2 Bxe2 28. c3 Rb7 29. Qxe2 Qxf4+ 30. Kg1 Nxd4 31. cxd4 Qxd4+ 32. Kh1 Bf6 33. Qa6 Rb6 34. Qa7 Qxe5 35. Rag1 Rb4 36. Qa5 Rh4 37. Rg3 Qf5 38. Qxc7 Be5 39. Qxc6 Rxh3+ 40. Kg2 Rxg3+ 0-1

[Event "Landesliga Nord 1920"]
[Site "Bayern"]
[Date "2019.12.08"]
[Round "4.7"]
[White "Metodiev, Martin"]
[Black "Paerr, Manfred"]
[Result "1-0"]
[WhiteElo "1991"]
[BlackElo "2081"]
[PlyCount "99"]
[EventDate "2019.09.29"]
[EventType "team-tourn"]
[EventRounds "9"]
[EventCountry "GER"]
[SourceTitle "EXT 2021"]
[Source "ChessBase"]
[SourceDate "2020.10.23"]
[SourceVersion "1"]
[SourceVersionDate "2020.10.23"]
[SourceQuality "1"]
[WhiteTeam "Erlangen SC II"]
[BlackTeam "Kareth Lappersdorf"]
[WhiteTeamCountry "GER"]
[BlackTeamCountry "GER"]

1. e4 e5 2. Nf3 Nc6 3. Bc4 Nf6 4. d3 Be7 5. Nc3 0-0 6. h3 d6 7. a4 Be6 8. Nd5 Bxd5 9. exd5 Nb4 10. d4 e4 11. Nd2 Qd7 12. c3 Nbxd5 13. Bxd5 Nxd5 14. Nxe4 Qe6 15. Qe2 f5 16. Ng3 Qf7 17. Qf3 c6 18. 0-0 Rae8 19. Bd2 g5 20. a5 Bd8 21. c4 Nc7 22. Bb4 Qg6 23. Rae1 Be7 24. Qa3 Rf7 25. a6 b6 26. d5 cxd5 27. cxd5 Rd8 28. Qd3 Bf8 29. Rc1 f4 30. Ne4 Re8 31. f3 Re5 32. Rc6 Nxd5 33. Bxd6 Nb4 34. Bxe5 Qxc6 35. Qd8 h6 36. Rd1 Qe6 37. Bc3 Kh7 38. Nd6 Nc6 39. Qa8 Bxd6 40. Qh8+ Kg6 41. Qg8+ Kh5 42. Rxd6 Qxd6 43. Qxf7+ Qg6 44. Qd7 Qb1+ 45. Kh2 Na5 46. Qxa7 Qd1 47. Qf7+ Kh4 48. Qg6 h5 49. Bf6 Qd5 50. Qxg5+ 1-0

[Event "Landesliga Nord 1920"]
[Site "Bayern"]
[Date "2019.11.24"]
[Round "3.6"]
[White "Finster, Michael"]
[Black "Paerr, Manfred"]
[Result "1/2-1/2"]
[WhiteElo "2105"]
[BlackElo "2081"]
[PlyCount "81"]
[EventDate "2019.09.29"]
[EventType "team-tourn"]
[EventRounds "9"]
[EventCountry "GER"]
[SourceTitle "EXT 2021"]
[Source "ChessBase"]
[SourceDate "2020.10.23"]
[SourceVersion "1"]
[SourceVersionDate "2020.10.23"]
[SourceQuality "1"]
[WhiteTeam "Herzogenaurach"]
[BlackTeam "Kareth Lappersdorf"]
[WhiteTeamCountry "GER"]
[BlackTeamCountry "GER"]

1. e4 e5 2. Nc3 Nc6 3. Bc4 Bc5 4. Nge2 d6 5. 0-0 Be6 6. d3 Qh4 7. Be3 Nd4 8. Nd5 0-0-0 9. b4 Nxe2+ 10. Qxe2 Bxe3 11. Qxe3 Kb8 12. b5 Qh6 13. Qe1 Nf6 14. Qa5 Bxd5 15. Bxd5 Nxd5 16. exd5 Qf4 17. c3 h5 18. Rab1 Qf5 19. Rfd1 Rhe8 20. f3 g5 21. Rb4 b6 22. Qa6 Qc8 23. Qa3 Qd7 24. Qa6 Qc8 25. Qxc8+ Kxc8 26. h3 f5 27. Re1 Kb7 28. g4 fxg4 29. fxg4 h4 30. Rbe4 Rf8 31. Kg2 Rd7 32. Rf1 Rxf1 33. Kxf1 a6 34. a4 axb5 35. axb5 Kc8 36. Ke2 Rf7 37. c4 Kd7 38. Re3 Ke7 39. Rf3 Rf4 40. Ke3 Kf6 41. Rf2 1/2-1/2

[Event "Landesliga Nord 1920"]
[Site "Bayern"]
[Date "2019.10.20"]
[Round "1.7"]
[White "Paerr, Manfred"]
[Black "Herrmann, Jens"]
[Result "1-0"]
[WhiteElo "2081"]
[BlackElo "2058"]
[PlyCount "73"]
[EventDate "2019.09.29"]
[EventType "team-tourn"]
[EventRounds "9"]
[EventCountry "GER"]
[SourceTitle "EXT 2021"]
[Source "ChessBase"]
[SourceDate "2020.10.23"]
[SourceVersion "1"]
[SourceVersionDate "2020.10.23"]
[SourceQuality "1"]
[WhiteTeam "Kareth Lappersdorf"]
[BlackTeam "Bamberg SC"]
[WhiteTeamCountry "GER"]
[BlackTeamCountry "GER"]

1. e4 d5 2. exd5 Qxd5 3. Nc3 Qd6 4. d4 c6 5. Bc4 Nf6 6. Nge2 Bf5 7. 0-0 e6 8. Re1 Be7 9. Ng3 Bg6 10. h4 h6 11. h5 Bh7 12. Nce2 Nbd7 13. c3 Qc7 14. Nf4 0-0-0 15. Bxe6 fxe6 16. Nxe6 Qb6 17. Nxg7 Bd6 18. N3f5 Bxf5 19. Nxf5 Qc7 20. Re6 Bf4 21. Qb3 Bxc1 22. Rxc6 Bf4 23. Rxc7+ Bxc7 24. Ne7+ Kb8 25. Nc6+ Ka8 26. Nxd8 Rxd8 27. Qf7 Re8 28. c4 a6 29. b4 Rf8 30. Qg7 Rg8 31. Qxh6 Ng4 32. Qe6 Ndf6 33. f3 Re8 34. Qf7 Bh2+ 35. Kh1 Rh8 36. fxg4 Nxg4 37. Qg6 1-0

[Event "Oberliga Bayern 1819"]
[Site "Bayern"]
[Date "2019.04.07"]
[Round "9.8"]
[White "Paerr, Manfred"]
[Black "Schuetz, Guenter"]
[Result "1/2-1/2"]
[WhiteElo "2143"]
[BlackElo "2210"]
[PlyCount "83"]
[EventDate "2018.10.21"]
[EventType "team-tourn"]
[EventRounds "9"]
[EventCountry "GER"]
[SourceTitle "EXT 2020"]
[Source "ChessBase"]
[SourceDate "2019.10.17"]
[SourceVersion "1"]
[SourceVersionDate "2019.10.17"]
[SourceQuality "1"]
[WhiteTeam "Kareth Lappersdorf"]
[BlackTeam "Bayern Muenchen II"]
[WhiteTeamCountry "GER"]
[BlackTeamCountry "GER"]

1. e4 c5 2. Nc3 Nc6 3. g3 g6 4. Bg2 Bg7 5. Nge2 d6 6. 0-0 e6 7. d3 Rb8 8. g4 Nge7 9. Ng3 0-0 10. f4 f5 11. gxf5 exf5 12. Nce2 d5 13. e5 d4 14. c4 dxc3 15. bxc3 Be6 16. d4 cxd4 17. Nxd4 Bd5 18. Ba3 Bxg2 19. Kxg2 Qd5+ 20. Qf3 Rfd8 21. Bd6 Qxf3+ 22. Kxf3 Rbc8 23. Ne6 Re8 24. Nxg7 Kxg7 25. Ne2 Na5 26. Rad1 Kf7 27. Rd3 Nc4 28. Rb1 b6 29. Rd4 Red8 30. Rbd1 Nxd6 31. Rxd6 Rxd6 32. Rxd6 Ke8 33. h4 Rc5 34. h5 Rd5 35. hxg6 hxg6 36. Rxd5 Nxd5 37. c4 Nb4 38. Nc3 Kd7 39. Ke3 Kc6 40. Kd4 Nc2+ 41. Kd3 Nb4+ 42. Kd4 1/2-1/2

[Event "Oberliga Bayern 1819"]
[Site "Bayern"]
[Date "2019.02.24"]
[Round "7.8"]
[White "Sajka, Mariusz"]
[Black "Paerr, Manfred"]
[Result "1/2-1/2"]
[WhiteElo "2214"]
[BlackElo "2143"]
[PlyCount "54"]
[EventDate "2018.10.21"]
[EventType "team-tourn"]
[EventRounds "9"]
[EventCountry "GER"]
[SourceTitle "EXT 2020"]
[Source "ChessBase"]
[SourceDate "2019.10.17"]
[SourceVersion "1"]
[SourceVersionDate "2019.10.17"]
[SourceQuality "1"]
[WhiteTeam "Garching II"]
[BlackTeam "Kareth Lappersdorf"]
[WhiteTeamCountry "GER"]
[BlackTeamCountry "GER"]

1. d4 Nf6 2. c4 e6 3. Nc3 c5 4. d5 d6 5. e4 g6 6. Bd3 Bg7 7. h3 0-0 8. Nf3 Na6 9. 0-0 Nc7 10. a4 Na6 11. Bg5 h6 12. Be3 Nb4 13. Bb1 e5 14. Qd2 Kh7 15. Ne1 g5 16. g4 Ng8 17. Nd3 Nxd3 18. Bxd3 Ne7 19. Ne2 Ng6 20. Ng3 Nf4 21. Kh2 Rh8 22. Rh1 a5 23. f3 Kg8 24. Rab1 Bf6 25. Kg1 Bd7 26. Bc2 Kf8 27. Kf2 Ke7 1/2-1/2

[Event "Oberliga Bayern 1819"]
[Site "Bayern"]
[Date "2019.02.03"]
[Round "6.8"]
[White "Paerr, Manfred"]
[Black "Duerr, Florian"]
[Result "1/2-1/2"]
[WhiteElo "2143"]
[BlackElo "2067"]
[PlyCount "47"]
[EventDate "2018.10.21"]
[EventType "team-tourn"]
[EventRounds "9"]
[EventCountry "GER"]
[SourceTitle "EXT 2020"]
[Source "ChessBase"]
[SourceDate "2019.10.17"]
[SourceVersion "1"]
[SourceVersionDate "2019.10.17"]
[SourceQuality "1"]
[WhiteTeam "Kareth Lappersdorf"]
[BlackTeam "Erlangen SC"]
[WhiteTeamCountry "GER"]
[BlackTeamCountry "GER"]

1. e4 e6 2. d4 d5 3. exd5 exd5 4. Bd3 Bd6 5. Ne2 Nc6 6. c3 Nge7 7. Qc2 Bg4 8. Ng3 h5 9. Bg5 Qd7 10. h3 Be6 11. Nd2 0-0-0 12. Ne2 f6 13. Bf4 Bxf4 14. Nxf4 Bf5 15. 0-0-0 g5 16. Bxf5 Nxf5 17. Nd3 b6 18. Rde1 Rde8 19. Qd1 h4 20. Qa4 Na5 21. Qc2 Nc4 22. Qd1 Nxd2 23. Qxd2 Nd6 24. Rxe8+ 1/2-1/2

[Event "Oberliga Bayern 1819"]
[Site "Bayern"]
[Date "2018.11.11"]
[Round "2.7"]
[White "Bielmeier, Ludwig"]
[Black "Paerr, Manfred"]
[Result "0-1"]
[WhiteElo "2135"]
[BlackElo "2143"]
[PlyCount "102"]
[EventDate "2018.10.21"]
[EventType "team-tourn"]
[EventRounds "9"]
[EventCountry "GER"]
[SourceTitle "EXT 2020"]
[Source "ChessBase"]
[SourceDate "2019.10.17"]
[SourceVersion "1"]
[SourceVersionDate "2019.10.17"]
[SourceQuality "1"]
[WhiteTeam "Deggendorf"]
[BlackTeam "Kareth Lappersdorf"]
[WhiteTeamCountry "GER"]
[BlackTeamCountry "GER"]

1. g3 Nf6 2. Bg2 g6 3. Nf3 Bg7 4. c4 c5 5. Nc3 Nc6 6. 0-0 d6 7. d3 Bd7 8. a3 0-0 9. Rb1 Ne8 10. Bd2 a5 11. Qc1 Qc8 12. Nd5 Qd8 13. Bh6 e6 14. Bxg7 Kxg7 15. Nc3 Nc7 16. Ng5 Rb8 17. Nge4 Qe7 18. h4 b5 19. cxb5 Nxb5 20. Nxb5 Rxb5 21. Qc3+ f6 22. Rfe1 Rfb8 23. Qc1 Nd4 24. Nc3 Rb3 25. e3 Nb5 26. Ne4 Na7 27. Bf1 Bc6 28. Qd2 Qd8 29. d4 Bxe4 30. Bc4 Bxb1 31. Bxb3 Bf5 32. e4 Bg4 33. Qf4 Rxb3 34. Qxg4 f5 35. exf5 exf5 36. Qd1 c4 37. Qc1 d5 38. Re6 Rb6 39. Re2 Qd6 40. Qe1 Kf7 41. Qxa5 Nc8 42. Re5 Ne7 43. Qd2 Ng8 44. h5 Rb3 45. Qf4 Kg7 46. hxg6 hxg6 47. Qd2 Nf6 48. Qe1 Rxb2 49. Qa5 Qb6 50. Qc3 Rb3 51. Qd2 Ne4 0-1

[Event "Oberliga Bayern 1819"]
[Site "Bayern"]
[Date "2018.10.21"]
[Round "1.8"]
[White "Gruber, Roland"]
[Black "Paerr, Manfred"]
[Result "0-1"]
[WhiteElo "2131"]
[BlackElo "2143"]
[PlyCount "154"]
[EventDate "2018.10.21"]
[EventType "team-tourn"]
[EventRounds "9"]
[EventCountry "GER"]
[SourceTitle "EXT 2020"]
[Source "ChessBase"]
[SourceDate "2019.10.17"]
[SourceVersion "1"]
[SourceVersionDate "2019.10.17"]
[SourceQuality "1"]
[WhiteTeam "Regensburg Post/Sued"]
[BlackTeam "Kareth Lappersdorf"]
[WhiteTeamCountry "GER"]
[BlackTeamCountry "GER"]

1. Nf3 Nf6 2. c4 b6 3. d4 e6 4. e3 Bb7 5. Bd3 d5 6. Nc3 Nbd7 7. 0-0 Be7 8. cxd5 exd5 9. Qc2 0-0 10. Ne5 h6 11. Rd1 Nxe5 12. dxe5 Ng4 13. f4 Bc5 14. Qe2 Qh4 15. h3 Nxe3 16. Bxe3 d4 17. Be4 Bxe4 18. Nxe4 dxe3 19. Nxc5 bxc5 20. Qxe3 Qe7 21. Rac1 Rab8 22. b3 Rb4 23. g3 f6 24. Qxc5 Re8 25. Qxe7 Rxe7 26. exf6 gxf6 27. Kf2 Kf7 28. Rc6 h5 29. Rdc1 Rbe4 30. R1c2 Kg6 31. Rxc7 Re8 32. h4 Kf5 33. Rxa7 Kg4 34. Rg7+ Kh3 35. Rgc7 Re1 36. R7c3 f5 37. a4 Kg4 38. a5 Ra1 39. Re2 Rb8 40. Kg2 Rxa5 41. Rc7 Rg8 42. b4 Ra3 43. Rc4 Rxg3+ 44. Kf1 Ra8 45. Kf2 Rb3 46. Kg2 Kxh4 47. Rcc2 Rxb4 48. Rf2 Kg4 49. Rc7 Rg8 50. Rc3 h4 51. Kh2 Kh5 52. Kh3 Rb1 53. Kh2 Rgg1 54. Rc8 Rh1+ 55. Kg2 Rbg1+ 56. Kf3 Rg3+ 57. Ke2 Ra1 58. Rf8 Ra2+ 59. Kf1 Rxf2+ 60. Kxf2 Kg4 61. Rh8 Ra3 62. Rh7 h3 63. Rh8 Kxf4 64. Rh4+ Kg5 65. Rh8 Kg4 66. Rg8+ Kf4 67. Rh8 Ra2+ 68. Kg1 Kg3 69. Rg8+ Kf3 70. Rh8 Rg2+ 71. Kh1 Rg3 72. Kh2 f4 73. Rf8 Rg7 74. Re8 Kf2 75. Kxh3 f3 76. Rf8 Rh7+ 77. Kg4 Kg2 0-1

[Event "Landesliga Nord 1718"]
[Site "Bayern"]
[Date "2017.11.12"]
[Round "2.5"]
[White "Paerr, Manfred"]
[Black "Gehlert, Klaus"]
[Result "1/2-1/2"]
[WhiteElo "2033"]
[BlackElo "2069"]
[PlyCount "54"]
[EventDate "2017.10.22"]
[EventType "team-tourn"]
[EventRounds "9"]
[EventCountry "GER"]
[SourceTitle "EXT 2022"]
[Source "ChessBase"]
[SourceDate "2021.10.06"]
[SourceVersion "1"]
[SourceVersionDate "2021.10.06"]
[SourceQuality "1"]
[WhiteTeam "Kareth Lappersdorf"]
[BlackTeam "Wuerzburg"]
[WhiteTeamCountry "GER"]
[BlackTeamCountry "GER"]

1. e4 e6 2. d4 d5 3. exd5 exd5 4. Bd3 Nf6 5. Ne2 Bg4 6. c3 Bd6 7. Qc2 c6 8. Bg5 Nbd7 9. Nd2 Bxe2 10. Bxe2 Qc7 11. h3 h6 12. Be3 0-0-0 13. 0-0-0 Rde8 14. Bf3 Nf8 15. Rde1 Ne6 16. Kb1 Kb8 17. Nb3 Nd7 18. Qf5 Re7 19. Re2 g6 20. Qc2 h5 21. Nc1 f5 22. Rhe1 Rhe8 23. Bd2 Nf6 24. Nd3 Ne4 25. Bc1 N6g5 26. Bxe4 Nxe4 27. f3 Ng3 1/2-1/2

[Event "Oberliga Bayern 1617"]
[Site "Bayern"]
[Date "2017.03.19"]
[Round "7.7"]
[White "Pierecker, Markus"]
[Black "Paerr, Manfred"]
[Result "1-0"]
[WhiteElo "2191"]
[BlackElo "2069"]
[PlyCount "51"]
[EventDate "2016.10.16"]
[EventType "team-tourn"]
[EventRounds "9"]
[EventCountry "GER"]
[SourceTitle "EXT 2019"]
[Source "ChessBase"]
[SourceDate "2018.10.10"]
[SourceVersion "1"]
[SourceVersionDate "2018.10.10"]
[SourceQuality "1"]
[WhiteTeam "Weilheim"]
[BlackTeam "Kareth Lappersdorf"]
[WhiteTeamCountry "GER"]
[BlackTeamCountry "GER"]

1. e4 e5 2. Nf3 Nc6 3. d4 exd4 4. Nxd4 Nf6 5. Nxc6 bxc6 6. e5 Nd5 7. c4 Nb6 8. Bd3 d6 9. Bf4 Be6 10. 0-0 Be7 11. Qc2 h6 12. Nd2 0-0 13. Rad1 Kh8 14. h3 Nd7 15. Nf3 Nc5 16. Be2 d5 17. Nd4 Qd7 18. Bf3 Rab8 19. b3 Na6 20. Qe2 Rb6 21. Nxc6 Qxc6 22. cxd5 Qb5 23. dxe6 fxe6 24. Be3 Qxe2 25. Bxe2 Bc5 26. Bxa6 1-0

[Event "Oberliga Bayern 1617"]
[Site "Bayern"]
[Date "2017.02.05"]
[Round "5.6"]
[White "Lowitz, Torsten"]
[Black "Paerr, Manfred"]
[Result "1-0"]
[WhiteElo "2134"]
[BlackElo "2069"]
[PlyCount "73"]
[EventDate "2016.10.16"]
[EventType "team-tourn"]
[EventRounds "9"]
[EventCountry "GER"]
[SourceTitle "EXT 2019"]
[Source "ChessBase"]
[SourceDate "2018.10.10"]
[SourceVersion "1"]
[SourceVersionDate "2018.10.10"]
[SourceQuality "1"]
[WhiteTeam "Herzogenaurach"]
[BlackTeam "Kareth Lappersdorf"]
[WhiteTeamCountry "GER"]
[BlackTeamCountry "GER"]

1. e4 e5 2. Nf3 Nc6 3. Bb5 a6 4. Ba4 Nf6 5. 0-0 b5 6. Bb3 Be7 7. a4 Bb7 8. d3 0-0 9. Nc3 bxa4 10. Rxa4 d6 11. h3 Na7 12. Bg5 Re8 13. Bxf6 Bxf6 14. Qa1 Qd7 15. Nd5 Bd8 16. Nb4 c5 17. Nxa6 Bb6 18. Bc4 Nc6 19. c3 h6 20. Qa2 g5 21. Nh2 Kg7 22. Ng4 Rf8 23. Ne3 Ne7 24. Qb3 Bc6 25. Ra3 Ba7 26. Rfa1 f5 27. Be6 Qd8 28. Nxf5+ Nxf5 29. Bxf5 d5 30. Qd1 dxe4 31. dxe4 Qf6 32. Nc7 Bxe4 33. Nxa8 Qxf5 34. Rxa7+ Kh8 35. Qe2 g4 36. hxg4 Qf4 37. g3 1-0

[Event "Oberliga Bayern 1617"]
[Site "Bayern"]
[Date "2017.01.15"]
[Round "4.7"]
[White "Gruber, Roland"]
[Black "Paerr, Manfred"]
[Result "0-1"]
[WhiteElo "2194"]
[BlackElo "2069"]
[PlyCount "80"]
[EventDate "2016.10.16"]
[EventType "team-tourn"]
[EventRounds "9"]
[EventCountry "GER"]
[SourceTitle "EXT 2019"]
[Source "ChessBase"]
[SourceDate "2018.10.10"]
[SourceVersion "1"]
[SourceVersionDate "2018.10.10"]
[SourceQuality "1"]
[WhiteTeam "Regensburg Post/Sued"]
[BlackTeam "Kareth Lappersdorf"]
[WhiteTeamCountry "GER"]
[BlackTeamCountry "GER"]

1. Nf3 Nf6 2. d4 e6 3. e3 b6 4. Bd3 Bb7 5. 0-0 Be7 6. c4 0-0 7. Nc3 d5 8. cxd5 Nxd5 9. Qe2 Nd7 10. Rd1 Re8 11. e4 Nxc3 12. bxc3 c6 13. e5 Qc7 14. Ng5 Nf8 15. Qh5 Bxg5 16. Bxg5 c5 17. Qg4 cxd4 18. cxd4 Bd5 19. h4 Qb7 20. h5 Kh8 21. Bf6 gxf6 22. exf6 Ng6 23. hxg6 fxg6 24. Qh4 Rg8 25. Rac1 Raf8 26. Qf4 Rf7 27. Re1 Rgf8 28. Qe5 Qd7 29. Rc3 Qd8 30. Be4 Bxa2 31. Rf3 Kg8 32. Ra1 Bc4 33. Ra4 b5 34. Ra1 a5 35. Qc5 Rxf6 36. Rxf6 Qxf6 37. Bf3 a4 38. Ra3 Rd8 39. Qb6 Qxd4 40. Qc7 Qd6 0-1

[Event "Oberliga Bayern 1516"]
[Site "Bayern"]
[Date "2016.02.21"]
[Round "7.8"]
[White "Leeb, Simon"]
[Black "Paerr, Manfred"]
[Result "1-0"]
[WhiteElo "2093"]
[BlackElo "2069"]
[PlyCount "59"]
[EventDate "2015.10.11"]
[EventType "team-tourn"]
[EventRounds "9"]
[EventCountry "GER"]
[SourceTitle "EXT 2018"]
[Source "ChessBase"]
[SourceDate "2017.10.13"]
[SourceVersion "1"]
[SourceVersionDate "2017.10.13"]
[SourceQuality "1"]
[WhiteTeam "Muenchen Suedost"]
[BlackTeam "Kareth Lappersdorf"]
[WhiteTeamCountry "GER"]
[BlackTeamCountry "GER"]

1. d4 Nf6 2. g3 d5 3. Nf3 Bf5 4. Bg2 Qd7 5. h3 Nc6 6. Nbd2 Nb4 7. 0-0 Bxc2 8. Qe1 Bf5 9. Ne5 Qb5 10. Qd1 h5 11. Qb3 Qb6 12. e4 Be6 13. exd5 Bxd5 14. Ndc4 Qxd4 15. Qxb4 Bxg2 16. Kxg2 Qd5+ 17. Kg1 b5 18. Bf4 a5 19. Nxa5 e6 20. Qc3 Bd6 21. Qc6+ Ke7 22. Rfd1 Qxc6 23. Naxc6+ Ke8 24. Nd3 Ne4 25. Nd4 Bxf4 26. Nxf4 Nd6 27. Nf3 Ra4 28. b3 Re4 29. Rac1 Kd8 30. Ng5 1-0

[Event "Oberliga Bayern 1516"]
[Site "Bayern"]
[Date "2015.10.25"]
[Round "2.7"]
[White "Paerr, Manfred"]
[Black "Maurer, Heinrich"]
[Result "1-0"]
[WhiteElo "2069"]
[BlackElo "2006"]
[PlyCount "48"]
[EventDate "2015.10.11"]
[EventType "team-tourn"]
[EventRounds "9"]
[EventCountry "GER"]
[SourceTitle "EXT 2018"]
[Source "ChessBase"]
[SourceDate "2017.10.13"]
[SourceVersion "1"]
[SourceVersionDate "2017.10.13"]
[SourceQuality "1"]
[WhiteTeam "Kareth Lappersdorf"]
[BlackTeam "Kelheim"]
[WhiteTeamCountry "GER"]
[BlackTeamCountry "GER"]

1. e4 c5 2. Nc3 Nc6 3. g3 e6 4. Bg2 Nf6 5. Nge2 d5 6. exd5 exd5 7. d4 Be6 8. 0-0 Qd7 9. Re1 Nxd4 10. Nxd4 cxd4 11. Qxd4 Be7 12. Bg5 0-0 13. Nxd5 Bxd5 14. Bxd5 Rfd8 15. Rad1 Qf5 16. Qe5 Qxe5 17. Rxe5 Kf8 18. Bf3 Rxd1+ 19. Bxd1 Rd8 20. Bf3 h6 21. Be3 b6 22. a4 Bd6 23. Rf5 Ke7 24. a5 Rc8 1-0

[Event "Regionalliga NO 1314"]
[Site "Bayern"]
[Date "2013.10.13"]
[Round "1.4"]
[White "Kalous, Miroslav"]
[Black "Paerr, Manfred"]
[Result "1/2-1/2"]
[WhiteElo "1985"]
[BlackElo "2090"]
[PlyCount "90"]
[EventDate "2013.10.13"]
[EventType "team-tourn"]
[EventRounds "9"]
[EventCountry "GER"]
[SourceTitle "EXT 2015"]
[Source "ChessBase"]
[SourceDate "2014.11.20"]
[SourceVersion "1"]
[SourceVersionDate "2014.11.20"]
[SourceQuality "1"]
[WhiteTeam "Windischeschenbach"]
[BlackTeam "Kareth Lappersdorf II"]
[WhiteTeamCountry "GER"]
[BlackTeamCountry "GER"]

1. d4 Nf6 2. Nf3 e6 3. e3 b6 4. b3 Bb7 5. Bb2 Be7 6. Nbd2 0-0 7. Bd3 c5 8. 0-0 Nc6 9. a3 Rc8 10. Qe2 Qc7 11. Rac1 cxd4 12. exd4 Qf4 13. g3 Qh6 14. Ba6 Bxa6 15. Qxa6 Rc7 16. Qd3 Rfc8 17. Kg2 Qh5 18. Rfe1 h6 19. h3 Qa5 20. Ne5 Bxa3 21. Nxc6 dxc6 22. Re5 Qb4 23. Bc3 Qe7 24. Ra1 Bd6 25. Re2 Rd7 26. Nf3 Bb8 27. Bb2 Qd8 28. Qa6 Nd5 29. c4 Ne7 30. Rae1 Ng6 31. Qa1 Qf8 32. h4 Ne7 33. Re4 Nf5 34. Rg4 h5 35. Rg5 f6 36. Rxh5 Qf7 37. Rxf5 exf5 38. Qb1 Re7 39. Rxe7 Qxe7 40. Qxf5 Re8 41. d5 cxd5 42. Qxd5+ Qf7 43. Qf5 Qe6 44. Qg6 Re7 45. Ba3 Qe4 1/2-1/2

[Event "Regionalliga NO 1213"]
[Site "Bayern"]
[Date "2012.12.09"]
[Round "4.3"]
[White "Paerr, Manfred"]
[Black "Wenninger, Philipp"]
[Result "1-0"]
[WhiteElo "2079"]
[BlackElo "2256"]
[PlyCount "99"]
[EventDate "2012.10.14"]
[EventType "team-tourn"]
[EventRounds "9"]
[EventCountry "GER"]
[SourceTitle "EXT 2015"]
[Source "ChessBase"]
[SourceDate "2014.11.20"]
[SourceVersion "1"]
[SourceVersionDate "2014.11.20"]
[SourceQuality "1"]
[WhiteTeam "Kareth Lappersdorf II"]
[BlackTeam "Erlangen"]
[WhiteTeamCountry "GER"]
[BlackTeamCountry "GER"]

1. e4 c6 2. d4 d5 3. Nd2 dxe4 4. Nxe4 Bf5 5. Ng3 Bg6 6. Nf3 Nd7 7. Bd3 e6 8. 0-0 Ngf6 9. Re1 Be7 10. c3 Qc7 11. Bg5 Bxd3 12. Qxd3 h6 13. Bd2 0-0-0 14. Rad1 Kb8 15. c4 c5 16. Qc2 cxd4 17. Nxd4 a6 18. b3 h5 19. h3 h4 20. Nge2 Nc5 21. Be3 Nce4 22. Nf3 Qa5 23. Ned4 Qc7 24. Bc1 Nc5 25. a3 Nh5 26. b4 Nd7 27. Nf5 Bf6 28. Nd6 Nb6 29. c5 Nd5 30. Qb3 Be7 31. Nxf7 g5 32. Nxd8 Rxd8 33. Nxg5 Bxg5 34. Bxg5 Rg8 35. Rxd5 exd5 36. Qxd5 Rg7 37. Re8+ Ka7 38. Bd8 Nf6 39. Bxc7 Nxd5 40. Bb8+ Ka8 41. Be5+ Ka7 42. Bxg7 a5 43. b5 a4 44. Be5 b6 45. c6 Nc7 46. Re7 Ka8 47. Bxc7 Ka7 48. f3 Ka8 49. Bxb6 Kb8 50. Re8# 1-0

[Event "Oberliga Bayern 1011"]
[Site "Germany"]
[Date "2011.01.16"]
[Round "5.6"]
[White "Pflug, Matthias"]
[Black "Paerr, Manfred"]
[Result "1-0"]
[WhiteElo "2257"]
[BlackElo "2076"]
[PlyCount "63"]
[EventDate "2010.10.10"]
[EventType "team-tourn"]
[EventRounds "9"]
[EventCountry "GER"]
[SourceTitle "EXT 2012"]
[Source "ChessBase"]
[SourceDate "2011.11.24"]
[SourceVersion "1"]
[SourceVersionDate "2011.11.24"]
[SourceQuality "1"]
[WhiteTeam "Passau"]
[BlackTeam "Regensburg Fortuna"]
[WhiteTeamCountry "GER"]
[BlackTeamCountry "GER"]

1. e4 e5 2. Nf3 Nc6 3. Bc4 Nf6 4. Ng5 d5 5. exd5 Na5 6. Bb5+ Bd7 7. Qe2 Be7 8. Nc3 0-0 9. 0-0 Re8 10. Nge4 Nxe4 11. Qxe4 Bf8 12. Bxd7 Qxd7 13. d3 b5 14. a3 Nb7 15. f4 exf4 16. Qxf4 a5 17. Be3 Ra6 18. Ne4 Rg6 19. Rf3 Nd6 20. Raf1 Rg4 21. Qxg4 Qxg4 22. Rg3 Rxe4 23. Rxg4 Rxg4 24. Bf4 Rg6 25. Re1 Rf6 26. Be5 Rf5 27. Bxd6 Bxd6 28. Re8+ Bf8 29. c4 b4 30. axb4 axb4 31. Rc8 f6 32. h3 1-0